Java EE 5 development using glassfish application server (Record no. 181842)

MARC details
000 -LEADER
fixed length control field 00459nam a2200157Ia 4500
005 - DATE AND TIME OF LATEST TRANSACTION
control field 20250311164648.0
008 - FIXED-LENGTH DATA ELEMENTS--GENERAL INFORMATION
fixed length control field 231217s9999 xx 000 0 und d
020 ## - INTERNATIONAL STANDARD BOOK NUMBER
International Standard Book Number 9788184044089
082 ## - DEWEY DECIMAL CLASSIFICATION NUMBER
Classification number 001.6424JAV HEF;1 R
100 ## - MAIN ENTRY--PERSONAL NAME
Personal name Heffelfinger, David R.
245 #0 - TITLE STATEMENT
Title Java EE 5 development using glassfish application server
260 ## - PUBLICATION, DISTRIBUTION, ETC. (IMPRINT)
Date of publication, distribution, etc. 2007
Name of publisher, distributor, etc. Shroff Publishers,
Place of publication, distribution, etc. Bangalore
300 ## - PHYSICAL DESCRIPTION
Extent v, 408
650 ## - SUBJECT ADDED ENTRY--TOPICAL TERM
Topical term or geographic name as entry element Java,5,using,glassfish,server
942 ## - ADDED ENTRY ELEMENTS (KOHA)
Koha item type Books
Holdings
Date last seen Total Checkouts Full call number Accession number Old discount Price effective from Category Lost status Damaged status Department Withdrawn status bill date Permanent Location Current Location Shelving location Entry date Vendor Grants Currency symbol Conversion rate Discount Discount type
26/01/2024   001.6424JAV HEF;1 R 51805   26/01/2024 Books     Central Library   19/01/2012 Central Library Central Library Central Library 19/12/2008 Publisher CS RS 1   Rupees
26/01/2024   001.6424JAV HEF;2 R1 51809   26/01/2024 Books     CS   01/02/2012 Central Library Central Library Central Library 19/12/2008 Publisher CS RS 1   Rupees

© For any Suggestions or Query, please contact the library staff @ librarian@pes.edu or Phone: +9180 2672 1983/ 2108.